000 00922cam a2200253 a 4500
001 000015266
005 20200929164010.0
008 790709s1978 sp a b 000 0 spa
015 _aSp78-Oct
020 _a8427604343
040 _aDO-SdBNP
_bspa
_cDLC
_dBNPHU
082 _a236
_bH144c
100 1 _aHagerty, Miguel José
_934536
245 1 4 _aLos cuervos de San Vicente :
_bescatología mozárabe /
_cMiguel José Hagerty.
260 _aMadrid, España :
_bEditora Nacional,
_c1978.
300 _a318 p. :
_bil. ;
_c21 cm.
490 1 _aBiblioteca de visionarios, heterodoxos y marginados
_v2
504 _aIncluye referencias bibliográficas.
650 4 _aEscatología
_xHistoria de la doctrina
_xFuentes
_934537
651 4 _aEspaña
_xHistoria De La Iglesia
_xFuentes
_934538
830 0 _aBiblioteca de visionarios, heterodoxos y marginados ;
_v2
_98623
910 _aCatalogación por copia / LC
049 _aBNGR
999 _c14832
_d14832